The Jewish festivals : (Record no. 38711)
[ view plain ]
| 000 -LEADER | |
|---|---|
| fixed length control field | 00831cam a2200253u 4500 |
| 001 - CONTROL NUMBER | |
| control field | 38711 |
| 003 - CONTROL NUMBER IDENTIFIER | |
| rucl marc code | BD-RjUL |
| 005 - DATE AND TIME OF LATEST TRANSACTION | |
| control field | 20211209052839.0 |
| 008 - FIXED-LENGTH DATA ELEMENTS--GENERAL INFORMATION | |
| fixed length control field | 160211s1938 ohufh 000 0 eng |
| 035 ## - SYSTEM CONTROL NUMBER | |
| System control number | (BD-RjUL)38820 |
| 040 ## - CATALOGING SOURCE | |
| Original cataloging agency | DLC |
| Transcribing agency | CarP |
| Modifying agency | DLC |
| -- | BD-RjUL |
| Language of cataloging | eng |
| 041 ## - LANGUAGE CODE | |
| Language code of text/sound track or separate title | eng |
| 082 ## - DEWEY DECIMAL CLASSIFICATION NUMBER | |
| Classification number | 296.43 |
| Author mark and year | SCJ 1938 |
| Edition number | 22 |
| 100 1# - MAIN ENTRY--PERSONAL NAME | |
| Personal name | Schauss, Hayyim |
| Dates associated with a name | 1884-1953. |
| 9 (RLIN) | 119435 |
| 245 14 - TITLE STATEMENT | |
| Title | The Jewish festivals : |
| Remainder of title | from their beginnings to our own day / |
| Statement of responsibility, etc. | Hayyim Schauss |
| 260 ## - PUBLICATION, DISTRIBUTION, ETC. (IMPRINT) | |
| Place of publication, distribution, etc. | Cincinnati : |
| Name of publisher, distributor, etc. | Union of American Hebrew congregations, |
| Date of publication, distribution, etc. | 1938. |
| 300 ## - PHYSICAL DESCRIPTION | |
| Pagination | xiii, [1], 320 p., 1 l. : |
| Illustrations | plates, facsims., |
| Size | 24 cm. |
| 650 #0 - SUBJECT ADDED ENTRY--TOPICAL TERM | |
| Topical term or geographic name as entry element | Fasts and feasts |
| General subdivision | Judaism. |
| 9 (RLIN) | 119436 |
| 700 1# - ADDED ENTRY--PERSONAL NAME | |
| Personal name | Jaffe, Samuel, |
| Dates associated with a name | 1899- [from old catalog] |
| 942 ## - ADDED ENTRY ELEMENTS (KOHA) | |
| Source of classification or shelving scheme | Dewey Decimal Classification |
| Koha item type | Books |
| Lost status | Source of classification or shelving scheme | Damaged status | Not for loan | Collection code | Permanent Location | Current Location | Shelving location | Date acquired | Source of acquisition | Total Checkouts | Full call number | Date last seen | Date checked out | Copy number | Koha item type |
|---|---|---|---|---|---|---|---|---|---|---|---|---|---|---|---|
| Dewey Decimal Classification | Non-fiction | Central Library, University of Rajshahi | Central Library, University of Rajshahi | 22/02/1985 | USIS, Dhaka | 1 | 296.43 SCJ 1938 | 13/02/2019 | 11/02/2019 | C-2 | Books |